Politics in India / (Record no. 83931)

MARC details
000 -LEADER
fixed length control field 00820nam a22002297a 4500
005 - DATE AND TIME OF LATEST TRANSACTION
control field 20170705142157.0
010 ## - LCCN (DPL NO)
LC control number ENG-109908
020 ## - INTERNATIONAL STANDARD BOOK NUMBER
Terms of availability 395.00
International Standard Book Number 9788125042815
020 ## - INTERNATIONAL STANDARD BOOK NUMBER
Terms of availability 460.00 (A.V)
International Standard Book Number 9788125042815
035 ## - SYSTEM CONTROL NUMBER
System control number EN-93441
037 ## - SOURCE OF ACQUISITION
Source of stock number/acquisition DBAD/PUB
082 ## - DEWEY DECIMAL CLASSIFICATION NUMBER
Classification number 320.954
100 ## - MAIN ENTRY--PERSONAL NAME
Personal name Kothari, Rajni
245 00 - TITLE STATEMENT
Title Politics in India /
Statement of responsibility, etc by Rajni Kothari ; introduction by Prakash C. Sarangi
250 ## - EDITION STATEMENT
Edition statement 2nd ed
260 ## - PUBLICATION, DISTRIBUTION, ETC. (IMPRINT)
Place of publication, distribution, etc New Delhi
Name of publisher, distributor, etc Orient Blackswan
Date of publication, distribution, etc 2012
270 ## - ADDRESS
Address 1/24 Asaf Ali Road
City New Delhi
300 ## - PHYSICAL DESCRIPTION
Extent xxxi,470p.
Dimensions 23cm(pbk)
500 ## - GENERAL NOTE
General note Includes index
942 ## - ADDED ENTRY ELEMENTS (KOHA)
Source of classification or shelving scheme Dewey Decimal Classification
Item type English Books
Call number suffix KOT
Classification part 320.954
Holdings
Withdrawn status Lost status Not for loan Collection code Home library Current library Date acquired Source of acquisition Cost, normal purchase price Full call number Barcode Copy number Cost, replacement price Koha item type
      Non-fiction Ashok Vihar Ashok Vihar 05/07/2017 BPPD/EN/2013-14/AV/2016-17/363/BSB/IN503/28.02.2017/06.03.2017 460.00 320.954 KOT B-664577 1 460.00 English Books
    Not For Loan Non-fiction D.B.Act.Division D.B.Act.Division 02/05/2014 DBAD / PUB 395.00 320.954 KOT EN-93441 1 395.00 English Books

© Delhi Public Library
Hit Counter
free hit counter